| 000 | 00610nam a2200217Ii 4500 | ||
|---|---|---|---|
| 003 | JO-AjNU | ||
| 008 | 230606s9999||||xx |||||||||||||| ||und|| | ||
| 020 | _a1-292-10909-2 | ||
| 040 |
_aJO-AjNU _beng _erda _cJO-AjNU |
||
| 041 | _aeng | ||
| 050 | 1 | 4 | _aTA177.4.P369 2016 |
| 100 | 3 |
_aPark, Chan, _eauthor _95093 |
|
| 245 | 0 | 0 | _aContemporary Engineering Economics |
| 250 | _a6 ed | ||
| 264 | 3 | 1 | _aLondon :pearson , 2011 |
| 300 | _a980p | ||
| 336 |
_atext _btxt _2rdacontent |
||
| 337 |
_aunmediated _bn _2rdamedia |
||
| 338 |
_avolume _bnc _2rdacarrier |
||
| 650 | 4 |
_aContemporary Engineering Economics _95094 |
|
| 999 |
_aE2634 _c2632 _d2632 |
||